000
00321nam a22001457a 4500
003
SGT
082
_a
611
_b
I18B
100
_a
BHUIYAN, PRITHA S.
245
_a
INDERBIR SINGH'S TB. OF HUMAN NEUROANATOMY
250
_a
10TH
260
_a
INDIA
_b
JAYPEE
_c
2018
300
_a
273
650
_a
ANATOMY
942
_2
ddc
_c
BK
_0
132
999
_c
13977
_d
13977